000 00886na a2200277 4500
001 23796
003 MIRAKIL
005 20181213155317.0
008 180102b tu 000 0
020 _a9758723006
040 _aMilas
_btur
_cTR-AnCHP
041 _atur
082 _a338.91
_bS75k 2002
090 _a338.91 S75k 2002
100 _aStiglitz, Joseph E.
245 _aKüreselleşme büyük hayal kırıklığı
_cJoseph E. Stiglitz; Çeviren Arzu Taşçıoğlu, Deniz Vural
260 _aİstanbul
_bPlan B Yayıncılık
_c2002
_fMart Matbaacılık
300 _a315 s.
_c22 sm.
500 _aÖzgün yapıt adı: Globalization and its discaontents
504 _aDizin var.
650 _aKüreselleşme
_xsiyasal açı
650 _aKüreselleşme
_xEkonomik açı
700 _aVural, Deniz
_eçev.
700 _aTaşçıoğlu, Arzu
_eçev.
942 _2ddc
_cBKS
999 _c10342
_d10342